000 00384nam a2200109Ia 4500
008 240129s9999 xx 000 0 und d
100 _aRAWAT, RISHIKESH
245 0 _aDESIGN & IMLEMENTATION OF MUTUAL EXCLUSION ALGORITHM TO MINIMIZE MESSAGE COMPLEXITY IN DISTRIBUTED SYSTEM
260 _bMEWAR UNIVERSITY, CHITTORGARH
_c2021
650 _aComputer Science & Engineering
942 _cTHE
999 _c218897
_d218897